| 000 | 01277 a2200205 4500 | ||
|---|---|---|---|
| 001 | 38628 | ||
| 005 | 20260407155648.0 | ||
| 008 | 260407a1968 arg spa d | ||
| 003 | AR-UNSa-BCEJYS | ||
| 040 |
_aAR-UNSa-BCEJYS _bspa _cAR-UNSa-BCEJYS |
||
| 080 |
_a658.818 _xServicio a los consumidores. Servicios posventa (Atención al cliente) |
||
| 245 | 1 | 0 | _aLas motivaciones del consumo |
| 264 | 1 |
_aBuenos Aires : _bSudamericana _c1968 |
|
| 300 |
_a522 p. _c20 cm. |
||
| 505 | _a1. La tiranía de las cosas - 2.Ejercitando el paladar: los alimentos y sus motivaciones - 3. Ocultando la denudez: vestimenta - 4. La cueva aterciopelada: refugio - 5. Objetos símbolo del amor: cosmético - 6. Ciencia y magia: las drogas y la salud - 7. Entretenimientos para jóvenes y viejos: juguetes y deportes - 8. Desplazándose: Transportes - 9. Lazos sociales: medios de comunicación, flores y otros vinculos - 10. Por puro gusto: licores, cigarrillos y otros placeres - 11. El orden oculto de las cosas: la estructura de nuestro mundo - 12. Puentes hacia la mente: mecanismos motivacionales - 13. Objetos de orden mas elevado: arte, libros y otros valores. | ||
| 942 | _cBK | ||
| 590 | _aniveau_biblio:m niveau_hierar:0 | ||
| 100 | 1 | _aCano de Gorbea, Inés | |
| 700 | 1 | _aDichter, Ernest | |
| 999 |
_c2908 _d2908 |
||